00534nam a2200205Ia 4500003000400000005001700004006001800021007000300039008004100042024001000083037001800093040001800111041001300129100001800142110005900160245003300219260000900252650000800261700005900269OSt20220930203814.0a|||||r|||| 00| 0ta220926b |||||||| |||| 00| 0 eng d a80227 cDissertations aCRLcCRLbeng 2engaeng aCharanjiv Lal aUniversity of Delhi. Faculty of Law. Department of Law 0aLiability of states in torts c1972 aLAW aUniversity of Delhi. Faculty of Law. Department of Law